| 000 | 00555nam a2200193 a 4500 | ||
|---|---|---|---|
| 001 | 1771666395091 | ||
| 003 | YourLibrary | ||
| 005 | 20260221150457.0 | ||
| 008 | 260221s1997##################000#0#eng## | ||
| 020 | _a9780792380283 | ||
| 082 | 0 | 4 |
_a338.6048 _bKRA |
| 100 | 1 |
_aKrau, Edgar, _eauthor. |
|
| 245 | 1 | 0 | _aSocial and Economic Management in the Competitive Society : |
| 260 |
_bSpringer Science & Business Media, _c1997. |
||
| 300 | _a220 pages | ||
| 650 | 0 | _aBusiness & Economics. | |
| 942 | _cENGLISH | ||
| 040 |
_aYourLibrary _beng _cYourLibrary |
||
| 999 |
_c615376 _d615376 |
||